Vainqueurs en UCI World Tour 2024 - Statistiques

Statistiques générales
  • Ce quiz a été pris 22 fois
  • Le résultat moyen est 49 sur 81
Statistiques - réponses
Pays Coureur % Correct
Tadej Pogačar
90%
Juan Ayuso
85%
Wout van Aert
85%
Isaac Del Toro
80%
Jasper Philipsen
80%
João Almeida
80%
Mads Pedersen
80%
Primož Roglič
80%
Remco Evenepoel
80%
Adam Yates
75%
Anthony Turgis
75%
Arnaud De Lie
75%
Ben O'Connor
75%
Biniam Girmay
75%
Brandon McNulty
75%
Dylan Groenewegen
75%
Jonas Vingegaard
75%
Jonathan Milan
75%
Julian Alaphilippe
75%
Kaden Groves
75%
Kévin Vauquelin
75%
Marc Hirschi
75%
Mathieu van der Poel
75%
Mattias Skjelmose
75%
Olav Kooij
75%
Oscar Onley
75%
Richard Carapaz
75%
Romain Bardet
75%
Tim Merlier
75%
Carlos Rodríguez
70%
Filippo Ganna
70%
Louis Meintjes
70%
Mark Cavendish
70%
Michael Woods
70%
Stefan Küng
70%
UAE Team Emirates
70%
Valentin Paret-Peintre
70%
Aleksandr Vlasov
65%
Bryan Coquard
65%
Dorian Godon
65%
Magnus Cort Nielsen
65%
Matteo Jorgenson
65%
Santiago Buitrago
65%
Thomas Pidcock
65%
Tim Wellens
65%
Andrea Vendrame
60%
Jhonatan Narváez
60%
Michael Matthews
60%
Romain Grégoire
60%
Derek Gee
55%
Jan Tratnik
55%
Laurence Pithie
55%
Lennert Van Eetvelt
55%
Marc Soler
55%
Sam Welsford
55%
Thibau Nys
55%
Eddie Dunbar
50%
Marijn van den Berg
50%
Pavel Bittner
50%
Phil Bauhaus
50%
Stephen Williams
50%
Victor Campenaerts
50%
Pablo Castrillo
45%
Paul Lapeira
45%
Yves Lampaert
45%
Axel Laurance
40%
Benjamin Thomas
40%
Ethan Vernon
40%
Pelayo Sánchez
40%
Georg Steinhauser
35%
Maxim Van Gils
35%
Quinten Hermans
35%
Torstein Træen
35%
Alec Segaert
30%
Lionel Taminiaux
30%
Nick Schultz
30%
Arvid de Kleijn
25%
Matevž Govekar
25%
Urko Berrade
25%
Maikel Zijlaard
20%
Warre Vangheluwe
15%
Aucun quiz correspondant
Distribution des résultats
% des personnes avec chaque résultat
Percentile par nombre de réponses
Votre historique - résultats
Vous n’avez pas pris ce quiz